LEADER 02328nam a2200505 a 4500 001 000000136756 003 CaOOAMICUS 005 20220621151856.0 008 131206s1995 it u000 u ita r 020 $a88-17-16893-9 (v. 1) 020 $a88-17-16894-7 (v. 2) 032 $aLibriCat 040 $aPUL$bita 041 1 $aita$hfre 130 0 $aMille et une nuits.$lItaliano.$0(OLS)http://pul/title/140241 245 13$aLe mille e una notte /$ctesto stabilito sui manoscritti originali da René R. Khawam ; traduzione di Gioia Angiolillo Zannino e Basilio Luoni. 250 $a2. ed. 260 $aMilano :$bRizzoli,$c1995. 300 $a2 v. ;$c18 cm 490 1 $aClassici della BUR 505 0 $aV. 1. Illustri dame e galanti servitori ; Cuori disumani / prefazione di Giorgio Manganelli. -- v. 2. Passioni vagabonde ; Il gusto dei giorni. 700 1 $aManganelli, Giorgio.$0(OLS)http://pul/name/68513 700 1 $aAngiolillo Zannino, Gioia.$0(OLS)http://pul/name/68415 700 1 $aLuoni, Basilio.$0(OLS)http://pul/name/68547 700 1 $aKhawam, René R.$0(OLS)http://pul/name/68512 740 02$aIllustri dame e galanti servitori. 740 02$aCuori disumani. 740 02$aPassioni vagabonde. 740 32$aIl gusto dei giorni. 830 0$aClassici della BUR.$0(OLS)http://pul/title/31827 850 $aPUL 852 $aPUL$W1$xDP1 Fondo E. Rossi$y115$m2 H 5.1$j157523$av. 1$qFondi$B156986$CPULBib$Z2$F156986 $82 852 $aPUL$W1$xDP1 Fondo E. Rossi$y115$m2 H 5.2$j157524$av. 2$qFondi$B156987$CPULBib$Z2$F156987 $82 941 1 $a1 961 $aSul dorso collocazione ms. di E. Rossi: VIII 4 3' 961 $aSul dorso collocazione ms. di E. Rossi: VIII 4 3'' 996 $6020$a88-17-16893-9 (v. 1)$9(OLS)http://pul/number/154164 996 $6020$a88-17-16894-7 (v. 2)$9(OLS)http://pul/number/154165 996 $6740$aCuori disumani$9(OLS)http://pul/title/173144 996 $6245$aLe mille e una notte$9(OLS)http://pul/title/140242 996 $6740$aIllustri dame e galanti servitori$9(OLS)http://pul/title/173143 996 $6740$aPassioni vagabonde$9(OLS)http://pul/title/173145 996 $6740$aIl gusto dei giorni$9(OLS)http://pul/title/173146 996 $6260$aMilano :$bRizzoli$9(OLS)http://pul/publisher/48712 LEADER 01256nam a2200265 u 4500 001 000000111400 003 CaOOAMICUS 005 20080430143754.0 008 080430s2005 it ach u000 u ita u 020 $a88-498-1217-5 040 $aPUL$bita$dBc 100 1 $aFabriziani, Anna Vittoria.$0(OLS)http://pul/name/40686 245 10$aBlondel e i neotomisti :$bmomenti di un dibattito epistemologico$cAnna Vittoria Fabriziani. 260 $aSoveria Mannelli :$bRubbettino,$c2005. 300 $a232 p. $bill., ritr., facs. ;$c21 cm. 504 $aBibliografia in nota. 600 14$aBlondel, Maurice,$d1861-1949$xCritica e interpretazione.$0(OLS)http://pul/subject/550 600 04$aThomas Aquinas,$cs.,$dc. 1225-1274$xCritica e interpretazione.$0(OLS)http://pul/subject/435 650 4$aNeotomismo.$0(OLS)http://pul/subject/4834 850 $aPUL 852 $aPUL$W1$xSL Filosofia 3$y81$m194 FABAN 1$j127697$qDDC 21$B126400$CPULBib$Z2$F126400 $H107237 $82 941 1 $a9 996 $6020$a88-498-1217-5$9(OLS)http://pul/number/137877 996 $6245$aBlondel e i neotomisti :$bmomenti di un dibattito epistemologico$9(OLS)http://pul/title/140086 996 $6260$aSoveria Mannelli :$bRubbettino$9(OLS)http://pul/publisher/51639